| 000 | 00665cam a2200205 4500500 | ||
|---|---|---|---|
| 005 | 20260405002423.0 | ||
| 041 | _afre | ||
| 042 | _adc | ||
| 100 | 1 | 0 |
_aTenaillon, Nicolas _eauthor |
| 245 | 0 | 0 | _aLe Mythe de la Singularité. Faut-il craindre l’intelligence artificielle ? |
| 260 | _c2017. | ||
| 500 | _a51 | ||
| 690 | _aCroyance | ||
| 690 | _aJean-Gabriel Ganascia | ||
| 690 | _aPensée magique | ||
| 690 | _aSingularité | ||
| 690 | _aTranshumanisme | ||
| 786 | 0 | _nPhilosophie magazine | 108 | 4 | 2017-04-01 | p. 67-67 | 1951-1787 | |
| 856 | 4 | 1 | _uhttps://shs.cairn.info/magazine-philosophie-magazine-2017-4-page-67?lang=fr&redirect-ssocas=7080 |
| 999 |
_c2057499 _d2057499 |
||